ARRUPE JESUIT UNIVERSITY

CORONAVIRUS -STOP THE SPREAD - CLEAN,DISINFECT,COVER

Reading the Old Testament (Record no. 12866)

MARC details
000 -LEADER
fixed length control field 00513nam a2200217Ia 4500
003 - CONTROL NUMBER IDENTIFIER
control field 0100
008 - FIXED-LENGTH DATA ELEMENTS--GENERAL INFORMATION
fixed length control field 130303s9999 xx 000 0 und d
020 ## - INTERNATIONAL STANDARD BOOK NUMBER
International Standard Book Number 534213545
040 ## - CATALOGING SOURCE
Transcribing agency ARRUPELIB
050 ## - LIBRARY OF CONGRESS CALL NUMBER
Classification number BS1140.2.B321995
300 ## - PHYSICAL DESCRIPTION
Other physical details 576p. 24cm.
100 ## - MAIN ENTRY--PERSONAL NAME
Personal name Bandstra, Barry L
245 ## - TITLE STATEMENT
Title Reading the Old Testament
245 ## - TITLE STATEMENT
Remainder of title an introduction to the Hebrew Bible
260 ## - PUBLICATION, DISTRIBUTION, ETC. (IMPRINT)
Place of publication, distribution, etc Belmont
260 ## - PUBLICATION, DISTRIBUTION, ETC. (IMPRINT)
Name of publisher, distributor, etc Wadsworth
260 ## - PUBLICATION, DISTRIBUTION, ETC. (IMPRINT)
-- 1995
300 ## - PHYSICAL DESCRIPTION
Extent xiv
700 ## - ADDED ENTRY--PERSONAL NAME
Personal name Barry L. Bandstra
942 00 - ADDED ENTRY ELEMENTS (KOHA)
Koha issues (borrowed), all copies 1
Holdings
Withdrawn status Lost status Source of classification or shelving scheme Damaged status Not for loan Collection code Home library Current library Shelving location Date acquired Total Checkouts Full call number Barcode Date last seen Date checked out Copy number Price effective from Koha item type
    Library of Congress Classification     Main Collection ARRUPE LIBRARY ARRUPE LIBRARY   04/03/2013 2 BS1140.2.B321995 46003021750 28/03/2018 22/03/2018 1 04/03/2013 Monograph ( Printed materials)

 

Arrupe Library. PO Box MP320 Mt Pleasant, Harare, Zimbabwe
263 242 745411|librarian@aju.ac.zw